Name a Robert De Niro Movie by Co-Stars - Statistics

General Stats
  • This quiz has been taken 687 times
    512 since last reset
  • The average score is 9 of 20
Answer Stats
Co-star Film % Correct
Joe Pesci Raging Bull / Once Upon a Time in America / Goodfellas / A Bronx Tale / Casino / The Good Shepherd / The Irishman
89%
Al Pacino The Godfather Part II / Heat / Righteous Kill / The Irishman
86%
Jodie Foster Taxi Driver
72%
Sharon Stone Casino
55%
Joaquin Phoenix Joker
52%
Jennifer Lawrence Silver Linings Playbook / American Hustle / Joy
50%
Harvey Keitel Mean Streets / Taxi Driver / Falling in Love / Cop Land / The Bridge of San Luis Rey / Arthur and the Invisibles / Little Fockers / The Comedian / The Irishman
49%
Billy Crystal Analyze This / Analyze That / The Comedian / The Adventures of Rocky and Bullwinkle
47%
Leonardo DiCaprio This Boy’s Life / Marvin’s Room / Killers of the Flower Moon
47%
Samuel L. Jackson Goodfellas / Jackie Brown
44%
Anne Hathaway The Intern
44%
Dustin Hoffman Sleepers / Wag the Dog / Meet the Parents / Meet the Fockers / Little Fockers
42%
Kevin Costner The Untouchables
39%
Meryl Streep The Deer Hunter / Falling in Love / Marvin’s Room
38%
Robin Williams Awakenings / The Big Wedding
36%
Nick Nolte Cape Fear
29%
Kenneth Branagh Mary Shelley’s Frankenstein
22%
Aubrey Plaza Dirty Grandpa
18%
Wesley Snipes The Fan
9%
Kurt Russell Backdraft
7%
No matching quizzes found
Score Distribution
Percent of People with Each Score
Percentile by Number Answered
Your Score History
You have not taken this quiz since the last reset